000 01009cab a2200241 4500
001 E2312
008 090401t1995 xxu||||| |||| 00| 0 eng d
035 _a(Sirsi) u38726
041 _aeng
245 _aEast Kilbride Development Corporation v Assessor for Strathclyde Region
260 _c1995
350 _a0
490 _aScots Law Times
_v1995 SLT(Lands Tr) 27-35(9)
520 _aLands Tribunal for Scotland. Lord Philip; Sheriff A C Horsfall, QCl J Devine , FRICS. 2 March 1994. Valuation - entry - car park associated with covered shopping mall - whether part of mall - whether main purpose to serve two or more of lands and heritages comprised in mall - Valuation and Rating (Scotland) Act 1956 (4 & 5 Eliz II, c60), s8A.
650 _aCAR PARKS
650 _aLANDS TRIBUNAL FOR SCOTLAND
650 _aSHOPPING CENTRES
650 _aVALUATION AND RATING (SCOTLAND) ACT 1956
650 _aValuation
_96273
690 _aRATING AND VALUATION-CASE LAW
942 _n0
948 _c04/03/1997
999 _c24873
_d24873